Alergia en el niño / (Record no. 146943)
[ view plain ]
| 000 -LEADER | |
|---|---|
| campo de control de longitud fija | 00903nam a2200241 i 4500 |
| 001 - NÚMERO DE CONTROL | |
| campo de control | 146943 |
| 003 - IDENTIFICADOR DE NÚMERO DE CONTROL | |
| campo de control | ES-MaACL |
| 005 - FECHA Y HORA DE LA ÚLTIMA TRANSACCIÓN | |
| campo de control | 20250905162507.0 |
| 007 - CAMPO FIJO DE DESCRIPCIÓN FÍSICA--INFORMACIÓN GENERAL | |
| campo de control de longitud fija | t| |
| 008 - DATOS DE LONGITUD FIJA--INFORMACIÓN GENERAL | |
| campo de control de longitud fija | 070919s1971 sp ||||1| spa d |
| 080 ## - NÚMERO DE LA CLASIFICACIÓN DECIMAL UNIVERSAL | |
| Número de la Clasificación Decimal Universal | 616-056.3-053.2 |
| 100 1# - ENTRADA PRINCIPAL--NOMBRE DE PERSONA | |
| Nombre de persona | Tuft, Louis. |
| 9 (RLIN) | 111652 |
| 245 10 - MENCIÓN DEL TÍTULO | |
| Título | Alergia en el niño / |
| Mención de responsabilidad, etc. | Louis Tuft y Harry Louis Mueller ; apéndice al capítulo X por Dr. F. Muñoz López ; prólogo por Prof. M. Cruz-Hernández ; [versión española Dr. A. Garrido Juan ; revisada por Dr. F. Muñoz-López]. |
| 260 ## - PUBLICACIÓN, DISTRIBUCIÓN, ETC. | |
| Lugar de publicación, distribución, etc. | Barcelona : |
| Nombre del editor, distribuidor, etc. | Ed. Pediátrica, |
| Fecha de publicación, distribución, etc. | 1971. |
| 300 ## - DESCRIPCIÓN FÍSICA | |
| Extensión | XIX, 414 p. : |
| Otras características físicas | il. ; |
| Dimensiones | 26 cm. |
| 650 #4 - PUNTO DE ACCESO ADICIONAL DE MATERIA--TÉRMINO DE MATERIA | |
| Término de materia o nombre geográfico como elemento de entrada | Alergia en niños. |
| 9 (RLIN) | 160991 |
| 700 1# - ENTRADA AGREGADA--NOMBRE PERSONAL | |
| Nombre de persona | Müller, Harry Louis. |
| 9 (RLIN) | 160993 |
| 700 1# - ENTRADA AGREGADA--NOMBRE PERSONAL | |
| Nombre de persona | Muñoz López, F., |
| Fechas asociadas al nombre | 1932- |
| 9 (RLIN) | 160992 |
| 700 1# - ENTRADA AGREGADA--NOMBRE PERSONAL | |
| Nombre de persona | Cruz Hernández, Manuel. |
| 9 (RLIN) | 41829 |
| 700 1# - ENTRADA AGREGADA--NOMBRE PERSONAL | |
| Nombre de persona | Garrido Juan, A. |
| 9 (RLIN) | 55707 |
| 852 ## - LOCALIZACIÓN | |
| Ubicación | ES-MaACL |
| Número de control de estantería | C-37329 |
| Estatus retirado | Estado de pérdida | Estado de daño | No para préstamo | Biblioteca de origen | Biblioteca actual | Ubicación en estantería | Fecha de adquisición | Fuente de adquisición | Total de préstamos | Signatura topográfica completa | Código de barras | Visto por última vez | Precio de reemplazo | Tipo de ítem Koha |
|---|---|---|---|---|---|---|---|---|---|---|---|---|---|---|
| Biblioteca del Ateneo de Madrid | Biblioteca del Ateneo de Madrid | Depósito 2 | 17/01/2008 | C-37329 | 1153355 | 23/02/2023 | 23/02/2023 | Libro impreso |
